La posición achuar : la corriente de mi vida /
Guardat en:
| Autor principal: | |
|---|---|
| Altres autors: | |
| Format: | Electrònic eBook |
| Idioma: | espanyol South American Indian (Other) |
| Publicat: |
Quito, Ecuador :
Abya Yala,
2022.
|
| Edició: | Primera edición. |
| Col·lecció: | Autobiografía (Ediciones Abya-Yala)
|
| Matèries: | |
| Accés en línia: | Digitalia Hispánica |
| Etiquetes: |
Afegir etiqueta
Sense etiquetes, Sigues el primer a etiquetar aquest registre!
|
MARC
| LEADER | 00000nam a2200000Ii 4500 | ||
|---|---|---|---|
| 001 | DIGABYALA0359 | ||
| 003 | NyNyDIG | ||
| 006 | m o d | ||
| 007 | cr ||||||||||| | ||
| 008 | 240404s2022 ec abg ob 000 0aspa d | ||
| 035 | |a (OCoLC)1430189145 | ||
| 040 | |a DGITA |b eng |e rda |e pn |c DGITA | ||
| 020 | |a 9789942098269 |q digital | ||
| 020 | |z 9789942098245 | ||
| 041 | 0 | |a spa |a sai | |
| 043 | |a s-ec--- | ||
| 050 | 1 | 4 | |a F3430.1.A25 ebook |
| 100 | 1 | |a Vargas Canelos, Luis, |e author. | |
| 245 | 1 | 3 | |a La posición achuar : |b la corriente de mi vida / |c Luis Vargas Canelos ; con la colaboración de Grégory Deshoulliere. |
| 250 | |a Primera edición. | ||
| 264 | 1 | |a Quito, Ecuador : |b Abya Yala, |c 2022. | |
| 300 | |a 1 online resource : |b illustrations, map, music. | ||
| 336 | |a text |b txt |2 rdacontent | ||
| 337 | |a computer |b c |2 rdamedia | ||
| 338 | |a online resource |b cr |2 rdacarrier | ||
| 347 | |a text file |2 rdaft | ||
| 347 | |b PDF | ||
| 490 | 1 | |a Autobiografía | |
| 504 | |a Includes bibliographical references. | ||
| 546 | |a In Spanish, with passages in Achuar. | ||
| 588 | 0 | |a Online resource; title from PDF title page (Digitalia, viewed April 4, 2024) | |
| 600 | 1 | 0 | |a Vargas Canelos, Luis. |
| 650 | 0 | |a Achuar Indians |z Ecuador |z Pastaza (Province) |v Biography. | |
| 650 | 0 | |a Indian elders (Indigenous leaders) |z Ecuador |z Pastaza (Province) |v Biography. | |
| 655 | 7 | |a Autobiographies. |2 lcgft | |
| 700 | 1 | |a Deshoulliere, Grégory, |e contributor agent of text. | |
| 791 | 2 | |a Digitalia (Firm), |e distributor. | |
| 793 | 0 | |g Digitalia eBook Collection: |a Ediciones Abya-Yala | |
| 776 | 0 | 8 | |i Print version: |a Vargas Canelos, Luis. |t Posición achuar. |b Primera edición. |d Quito, Ecuador : Abya Yala, 2022 |z 9789942098245 |
| 830 | 0 | |a Autobiografía (Ediciones Abya-Yala) | |
| 856 | 4 | 0 | |3 Digitalia Hispánica |u https://digitalia.unach.elogim.com/a/136894/ |
| 910 | |a Premium collection: 2024 | ||